| 000 | 00637nam a2200217 u 4500 | ||
|---|---|---|---|
| 001 | 000813825 | ||
| 003 | AM-YeHGA | ||
| 005 | 20250617144450.0 | ||
| 008 | 110601s1972 nyu r 000 0 eng d | ||
| 040 | _aAM-YeHGA | ||
| 041 | 0 | _aeng | |
| 100 | 1 |
_aJackson, George, _d1941- |
|
| 245 | 1 | 0 |
_aSoledad brother : _bThe prison letters of George Jackson / _cIntroduction by Jean Genet. |
| 260 |
_aNew York, N. Y. : _bNew Bantam ed., _c1972. |
||
| 300 | _a248 p. | ||
| 440 | 2 | _aA Bantam Book | |
| 440 | 2 | _aA National General Comoany | |
| 650 | 1 | 4 |
_aPrisons _xPersonal narratives _zCalifornia |
| 700 | 1 |
_aGenet, Jean _4aui |
|
| 090 | _c296358 | ||
| 999 |
_c294669 _d294669 |
||